31 High-scoring formulas to answer the ielts speaking questions
31 High scoring formulas to answer IELTS Speaking questions đưa ra mỗi ví dụ trả lời cho từng câu hỏi, tác giả cung cấp một loạt từ vựng kèm theo giải thích nghĩa và cách sử dụng. Bên cạnh đó, cuốn sách còn hướng dẫn bạn cách sử dụng các liking words...
Gorde:
| Egile nagusia: | |
|---|---|
| Formatua: | Liburua |
| Hizkuntza: | Undetermined |
| Argitaratua: |
Thành phố Hồ Chí Minh
Tổng hợp
2014
|
| Gaiak: | |
| Etiketak: |
Etiketa erantsi
Etiketarik gabe, Izan zaitez lehena erregistro honi etiketa jartzen!
|
| Thư viện lưu trữ: | Trung tâm Học liệu Trường Đại học Cần Thơ |
|---|
| LEADER | 01214nam a2200217Ia 4500 | ||
|---|---|---|---|
| 001 | CTU_202325 | ||
| 008 | 210402s9999 xx 000 0 und d | ||
| 020 | |c 298000 | ||
| 082 | |a 428.0076 | ||
| 082 | |b P166 | ||
| 100 | |a Palley, Jonathan | ||
| 245 | 0 | |a 31 High-scoring formulas to answer the ielts speaking questions | |
| 245 | 0 | |c Jonathan Palley, Adrian Li, Oliver Davies | |
| 260 | |a Thành phố Hồ Chí Minh | ||
| 260 | |b Tổng hợp | ||
| 260 | |c 2014 | ||
| 520 | |a 31 High scoring formulas to answer IELTS Speaking questions đưa ra mỗi ví dụ trả lời cho từng câu hỏi, tác giả cung cấp một loạt từ vựng kèm theo giải thích nghĩa và cách sử dụng. Bên cạnh đó, cuốn sách còn hướng dẫn bạn cách sử dụng các liking words để kết nối các ý với nhau trong bài nói như thế nào. Cuốn sách phù hợp với các bạn có trình độ Pre-intermediate. | ||
| 650 | |a English language,Tiếng Anh,Tiếng Anh,English language | ||
| 650 | |x Spoken English,Nói | ||
| 904 | |i Tuyến | ||
| 980 | |a Trung tâm Học liệu Trường Đại học Cần Thơ | ||